<?xml version='1.0' encoding='UTF-8'?>
  <record xmlns="http://www.loc.gov/MARC21/slim">
    <leader>00000cam a22000007i 4500</leader>
    <controlfield tag="001">ocm65720843</controlfield>
    <controlfield tag="003">OCoLC</controlfield>
    <controlfield tag="005">20250617052919.4</controlfield>
    <controlfield tag="008">911105s1874    ne            000 0 dut d</controlfield>
    <datafield tag="040" ind1=" " ind2=" ">
      <subfield code="a">NLGGC</subfield>
      <subfield code="b">dut</subfield>
      <subfield code="e">fobidrtb</subfield>
      <subfield code="c">NLGGC</subfield>
      <subfield code="d">OCLCO</subfield>
      <subfield code="d">NLNHA</subfield>
      <subfield code="d">OCLCL</subfield>
      <subfield code="d">OCLCQ</subfield>
    </datafield>
    <datafield tag="015" ind1=" " ind2=" ">
      <subfield code="a">25652105</subfield>
      <subfield code="2">bccb</subfield>
    </datafield>
    <datafield tag="019" ind1=" " ind2=" ">
      <subfield code="a">1257992602</subfield>
    </datafield>
    <datafield tag="029" ind1="0" ind2=" ">
      <subfield code="a">NLGGC</subfield>
      <subfield code="b">087544792</subfield>
    </datafield>
    <datafield tag="035" ind1=" " ind2=" ">
      <subfield code="a">(OCoLC)65720843</subfield>
      <subfield code="z">(OCoLC)1257992602</subfield>
    </datafield>
    <datafield tag="100" ind1="1" ind2=" ">
      <subfield code="a">Ribbius, G.</subfield>
      <subfield code="q">(Gerlacus),</subfield>
      <subfield code="d">1825-1886.</subfield>
      <subfield code="4">aut</subfield>
      <subfield code="1">https://id.oclc.org/worldcat/entity/E39PCjM4WtckGkB3P88GjFfjG3</subfield>
    </datafield>
    <datafield tag="245" ind1="1" ind2="4">
      <subfield code="a">Een acht en twintigtal voorwerpen uit de natuurlijke geschiedenis, geschikt voor rederijkers- &amp; nutsvoordrachten, in den trant van de gedichten van den schoolmeester, met een aanbevelend woord van wijlen mr. J. van Lennep /</subfield>
      <subfield code="c">door G. Ribbius.</subfield>
    </datafield>
    <datafield tag="246" ind1="3" ind2=" ">
      <subfield code="a">28 Voorwerpen uit de natuurlijke geschiedenis</subfield>
    </datafield>
    <datafield tag="250" ind1=" " ind2=" ">
      <subfield code="a">2e verm. uitg.</subfield>
    </datafield>
    <datafield tag="260" ind1=" " ind2=" ">
      <subfield code="a">Culemborg :</subfield>
      <subfield code="b">Blom &amp; Olivierse,</subfield>
      <subfield code="c">1874.</subfield>
    </datafield>
    <datafield tag="300" ind1=" " ind2=" ">
      <subfield code="a">110, V p. ;</subfield>
      <subfield code="c">19 cm.</subfield>
    </datafield>
    <datafield tag="336" ind1=" " ind2=" ">
      <subfield code="a">tekst</subfield>
      <subfield code="b">txt</subfield>
      <subfield code="2">rdacontent/dut</subfield>
    </datafield>
    <datafield tag="337" ind1=" " ind2=" ">
      <subfield code="a">zonder medium</subfield>
      <subfield code="b">n</subfield>
      <subfield code="2">rdamedia/dut</subfield>
    </datafield>
    <datafield tag="338" ind1=" " ind2=" ">
      <subfield code="a">band</subfield>
      <subfield code="b">nc</subfield>
      <subfield code="2">rdacarrier/dut</subfield>
    </datafield>
    <datafield tag="500" ind1=" " ind2=" ">
      <subfield code="a">Omslagtitel: 28 Voorwerpen uit de natuurlijke geschiedenis.</subfield>
    </datafield>
    <datafield tag="530" ind1=" " ind2=" ">
      <subfield code="a">Ook beschikbaar in microvorm.</subfield>
    </datafield>
    <datafield tag="653" ind1=" " ind2=" ">
      <subfield code="a">Gedichten</subfield>
    </datafield>
    <datafield tag="653" ind1=" " ind2=" ">
      <subfield code="a">Dieren</subfield>
    </datafield>
    <datafield tag="700" ind1="1" ind2=" ">
      <subfield code="a">Lennep, J. van</subfield>
      <subfield code="q">(Jacob),</subfield>
      <subfield code="d">1802-1868.</subfield>
      <subfield code="4">aui</subfield>
      <subfield code="1">https://id.oclc.org/worldcat/entity/E39PBJwRTdQg77TqpDrQVqHpyd</subfield>
    </datafield>
    <datafield tag="758" ind1=" " ind2=" ">
      <subfield code="a">Een acht en twintigtal voorwerpen uit de natuurlijke geschiedenis, geschikt voor rederijkers- and nutsvoordrachten (Text)</subfield>
      <subfield code="1">https://id.oclc.org/worldcat/entity/E39PD3KYVdgX4wbwBBM4vxdfFX</subfield>
      <subfield code="4">https://id.oclc.org/worldcat/ontology/hasWork</subfield>
    </datafield>
    <datafield tag="776" ind1="0" ind2=" ">
      <subfield code="t">Een acht en twintigtal voorwerpen uit de natuurlijke geschiedenis, geschikt voor rederijkers- &amp; nutsvoordrachten, in den trant van de gedichten van den schoolmeester, met een aanbevelend woord van wijlen mr. J. van Lennep</subfield>
      <subfield code="w">(NL-LeOCL)398637016</subfield>
    </datafield>
    <datafield tag="936" ind1=" " ind2=" ">
      <subfield code="a">BATCHLOAD</subfield>
    </datafield>
  </record>